Statistics for Bosnia and Herzegovina - Sort the countries by distance

Click here to take the quiz!

General Stats

  • This quiz has been taken 42 times
  • The average score is 6 of 11

Answer Stats

HintAnswer% Correct
ItselfBosnia and Hervigovinia
92%
3rdGreece
72%
11thFiji
60%
2ndItaly
52%
5thMalta
48%
9thRwanda
48%
6thAlgeria
44%
10thMexico
44%
8thOman
44%
7thUnited Kingdom
44%
4thFrance
40%

Score Distribution

Percentile by Number Answered

Percent of People with Each Score

Your Score History

You have not taken this quiz